[Event "Chigorin Memorial 25th"]
[Site "St Petersburg"]
[Date "2017.10.25"]
[Round "5"]
[White "Vlasenko, Miroslav"]
[Black "Grinblat, Artemiy"]
[Result "1-0"]
[WhiteElo "2423"]
[BlackElo "2268"]
[PlyCount "63"]
[EventDate "2017.10.21"]
[EventType "swiss"]
[EventRounds "9"]
[EventCountry "RUS"]
[SourceTitle "CBM 181 Extra"]
[Source "ChessBase"]
[SourceDate "2017.12.12"]
[SourceVersion "1"]
[SourceVersionDate "2017.12.12"]
[SourceQuality "1"]

1. d4 e6 2. c4 Nf6 3. Nc3 c5 4. d5 exd5 5. cxd5 d6 6. e4 g6 7. Nf3 Bg7 8. Be2 Bg4 9. 0-0 0-0 10. Bf4 Re8 11. Qc2 Na6 12. h3 Bxf3 13. Bxf3 Nc7 14. Rab1 b5 15. a4 Rb8 16. b4 cxb4 17. Nxb5 Nxb5 18. axb5 Rxb5 19. Qa4 Qb6 20. Be3 Qa5 21. Qxa5 Rxa5 22. Rxb4 Ra2 23. Rfb1 a5 24. Rb8 Rf8 25. e5 Nd7 26. Rxf8+ Bxf8 27. e6 Nc5 28. Bh6 fxe6 29. dxe6 Bxh6 30. e7 Kf7 31. Re1 Ne6 32. Rxe6 1-0

[Event "Feffernitz op 26th"]
[Site "Feffernitz"]
[Date "2017.08.25"]
[Round "7"]
[White "Sredojevic, Ivan"]
[Black "Grinblat, Artemiy"]
[Result "1/2-1/2"]
[WhiteElo "2365"]
[BlackElo "2222"]
[PlyCount "42"]
[EventDate "2017.08.20"]
[EventType "swiss"]
[EventRounds "9"]
[EventCountry "AUT"]
[SourceTitle "CBM 180 Extra"]
[Source "ChessBase"]
[SourceDate "2017.10.06"]
[SourceVersion "1"]
[SourceVersionDate "2017.10.06"]
[SourceQuality "1"]

1. e4 e6 2. d4 d5 3. Nd2 c5 4. exd5 Qxd5 5. dxc5 Bxc5 6. Ngf3 Nf6 7. Bc4 Qc6 8. Qe2 0-0 9. 0-0 Qc7 10. Nb3 Bd6 11. Rd1 Nc6 12. h3 Ne5 13. Nxe5 Bxe5 14. a4 Bd7 15. c3 Rac8 16. Bb5 a6 17. Bxd7 Nxd7 18. Be3 Nb6 19. Bd4 Bxd4 20. Nxd4 Rfd8 21. a5 Nc4 1/2-1/2

[Event "Chigorin Memorial 24th"]
[Site "St Petersburg"]
[Date "2016.10.15"]
[Round "1"]
[White "Grinblat, Artemiy"]
[Black "Andrijashkin, Deniss"]
[Result "1-0"]
[WhiteElo "2241"]
[BlackElo "1661"]
[PlyCount "75"]
[EventDate "2016.10.15"]
[EventType "swiss"]
[EventRounds "9"]
[EventCountry "RUS"]
[SourceTitle "CBM 175 Extra"]
[Source "ChessBase"]
[SourceDate "2016.12.12"]
[SourceVersion "1"]
[SourceVersionDate "2016.12.12"]
[SourceQuality "1"]

1. e4 e5 2. Nf3 Nc6 3. d4 exd4 4. Nxd4 Nf6 5. Nxc6 bxc6 6. Bd3 d5 7. e5 Ng4 8. 0-0 Bc5 9. Bf4 h5 10. Qd2 Be6 11. Qc3 g5 12. Bd2 Bb6 13. h3 Nxf2 14. Rxf2 g4 15. Qxc6+ Bd7 16. Qxd5 Bxf2+ 17. Kxf2 gxh3 18. g3 h4 19. Bf4 c6 20. Qf3 Qb6+ 21. Ke2 hxg3 22. Bxg3 Rg8 23. Bf2 Qxb2 24. e6 fxe6 25. Nd2 e5 26. Nc4 Qb4 27. a3 Qe7 28. Qe4 Rg2 29. Ne3 Rg8 30. Rb1 Rc8 31. Nf5 Qf6 32. Ne3 Qe7 33. Bh4 Qg7 34. Rg1 Qf7 35. Qxe5+ Be6 36. Rxg8+ Qxg8 37. Qf6 Qf7 38. Bg6 1-0

[Event "Keres Memorial rap 25th"]
[Site "Tallinn"]
[Date "2016.01.08"]
[Round "1"]
[White "Eljanov, Pavel"]
[Black "Grinblat, Artemiy"]
[Result "1-0"]
[WhiteElo "2760"]
[BlackElo "2141"]
[PlyCount "71"]
[EventDate "2016.01.08"]
[EventType "swiss (rapid)"]
[EventRounds "11"]
[EventCountry "EST"]
[SourceTitle "CBM 170 Extra"]
[Source "ChessBase"]
[SourceDate "2016.02.25"]
[SourceVersion "1"]
[SourceVersionDate "2016.02.25"]
[SourceQuality "1"]

1. d4 e6 2. c4 d5 3. Nf3 c6 4. e3 f5 5. Be2 Nd7 6. 0-0 Bd6 7. b3 Nh6 8. Ba3 Qe7 9. Bxd6 Qxd6 10. Nbd2 0-0 11. Ne1 Nf6 12. Nd3 b6 13. Rc1 Bb7 14. c5 Qe7 15. Nf3 Rfc8 16. Nfe5 Nf7 17. Nxf7 Qxf7 18. Ne5 Qe7 19. b4 Nd7 20. Nxd7 Qxd7 21. a4 Qe7 22. Qd2 Rc7 23. Rc2 Rac8 24. cxb6 axb6 25. a5 bxa5 26. bxa5 c5 27. a6 Ba8 28. dxc5 Rxc5 29. Rxc5 Qxc5 30. Qd4 Qd6 31. f4 Rc2 32. Bb5 h6 33. Rb1 Qa3 34. Bf1 Bc6 35. Qe5 d4 36. Qxe6+ 1-0

[Event "Chigorin Memorial 23rd"]
[Site "St Petersburg"]
[Date "2015.10.03"]
[Round "1"]
[White "Timofeev, Artyom"]
[Black "Grinblat, Artemiy"]
[Result "1-0"]
[WhiteElo "2539"]
[BlackElo "2099"]
[PlyCount "69"]
[EventDate "2015.10.03"]
[EventType "swiss"]
[EventRounds "9"]
[EventCountry "RUS"]
[SourceTitle "CBM 168 Extra"]
[Source "ChessBase"]
[SourceDate "2015.10.29"]
[SourceVersion "1"]
[SourceVersionDate "2015.10.29"]
[SourceQuality "1"]

1. e4 e6 2. d4 d5 3. Nd2 Nf6 4. e5 Nfd7 5. Bd3 c5 6. c3 Nc6 7. Ne2 cxd4 8. cxd4 f6 9. exf6 Qxf6 10. Nf3 h6 11. 0-0 Bd6 12. Ng3 0-0 13. Bc2 Rf7 14. Nh5 Qd8 15. Bg6 Re7 16. Bf4 Nf8 17. Bc2 Rf7 18. Bg3 g6 19. Bh4 Be7 20. Bxe7 Qxe7 21. Ng3 Bd7 22. Re1 Qf6 23. Qd2 Rc8 24. Rad1 Kg7 25. Re3 Be8 26. h3 Rfc7 27. Bb1 Bf7 28. Ne5 Nxe5 29. dxe5 Qg5 30. Ne2 Nd7 31. f4 Qh4 32. Kh2 a6 33. Rg3 Kh7 34. Nd4 Nb8 35. Nxe6 1-0

[Event "Porto Mannu op 7th"]
[Site "Porto Mannu"]
[Date "2015.06.06"]
[Round "1"]
[White "Grinblat, Artemiy"]
[Black "De Jong, Jan Willem"]
[Result "0-1"]
[WhiteElo "2191"]
[BlackElo "2449"]
[PlyCount "80"]
[EventDate "2015.06.06"]
[EventType "swiss"]
[EventRounds "9"]
[EventCountry "ITA"]
[SourceTitle "CBM 166 Extra"]
[Source "ChessBase"]
[SourceDate "2015.06.18"]
[SourceVersion "1"]
[SourceVersionDate "2015.06.18"]
[SourceQuality "1"]

1. e4 e5 2. Nf3 Nc6 3. d4 exd4 4. Nxd4 Nf6 5. Nxc6 bxc6 6. e5 Qe7 7. Qe2 Nd5 8. c4 Nb6 9. Nc3 Qe6 10. Qe4 g6 11. Bd3 Bg7 12. f4 0-0 13. 0-0 f5 14. Qe2 d6 15. c5 dxc5 16. b3 Rd8 17. Rd1 c4 18. Bxc4 Rxd1+ 19. Nxd1 Nxc4 20. Qxc4 Qxc4 21. bxc4 Be6 22. Be3 a5 23. c5 Rb8 24. a4 Bf8 25. Kf1 Rb4 26. Ke2 Kf7 27. Kd3 Bb3 28. Nc3 Ke6 29. Rb1 g5 30. g3 gxf4 31. gxf4 Be7 32. Bd4 Bh4 33. Ke3 Bc4 34. Rxb4 axb4 35. Nb1 Be1 36. a5 Kd5 37. h3 Ba6 38. e6 Kxe6 39. Be5 Kd5 40. Bxc7 Kxc5 0-1

[Event "Chigorin Memorial 22nd"]
[Site "St Petersburg"]
[Date "2014.10.26"]
[Round "9"]
[White "Gritsayeva, Oksana"]
[Black "Grinblat, Artemiy"]
[Result "1-0"]
[WhiteElo "2364"]
[BlackElo "2100"]
[PlyCount "91"]
[EventDate "2014.10.18"]
[EventType "swiss"]
[EventRounds "9"]
[EventCountry "RUS"]
[SourceTitle "EXT 2015"]
[Source "ChessBase"]
[SourceDate "2014.11.20"]
[SourceVersion "1"]
[SourceVersionDate "2014.11.20"]
[SourceQuality "1"]

1. e4 e6 2. d4 d5 3. Nd2 Nf6 4. Bd3 c5 5. c3 Nc6 6. Ngf3 cxd4 7. cxd4 dxe4 8. Nxe4 Be7 9. 0-0 0-0 10. Nc3 b6 11. Re1 Bb7 12. a3 Rc8 13. Bc2 Qd7 14. Qd3 g6 15. Bh6 Rfd8 16. Rad1 Nd5 17. Nxd5 Qxd5 18. Bb3 Qh5 19. Qe3 Qf5 20. Bg5 Bf6 21. d5 exd5 22. Bxd5 Na5 23. Bxf6 Qxf6 24. Bxb7 Nxb7 25. Rxd8+ Rxd8 26. h4 h5 27. Qe7 Qxe7 28. Rxe7 Rd1+ 29. Kh2 Nc5 30. b4 Nd3 31. Kg3 Ra1 32. Rxa7 Nxb4 33. Ne5 Nc2 34. a4 Ra3+ 35. Kf4 Nd4 36. Kg5 Ra2 37. f4 Rxg2+ 38. Kf6 Rf2 39. Nxf7 Rxf4+ 40. Kxg6 Rg4+ 41. Ng5 Kf8 42. Kxh5 Rg1 43. Rd7 Ne2 44. Rb7 Nf4+ 45. Kh6 Rg4 46. Nh7+ 1-0

[Event "Chigorin Memorial 22nd"]
[Site "St Petersburg"]
[Date "2014.10.25"]
[Round "8"]
[White "Grinblat, Artemiy"]
[Black "Davletbayeva, Madina"]
[Result "1/2-1/2"]
[WhiteElo "2100"]
[BlackElo "2263"]
[PlyCount "109"]
[EventDate "2014.10.18"]
[EventType "swiss"]
[EventRounds "9"]
[EventCountry "RUS"]
[SourceTitle "EXT 2015"]
[Source "ChessBase"]
[SourceDate "2014.11.20"]
[SourceVersion "1"]
[SourceVersionDate "2014.11.20"]
[SourceQuality "1"]

1. e4 Nf6 2. e5 Nd5 3. d4 d6 4. Nf3 g6 5. Bc4 Nb6 6. Bb3 Bg7 7. 0-0 0-0 8. exd6 Qxd6 9. c3 Nc6 10. Nbd2 Bf5 11. Re1 e5 12. dxe5 Nxe5 13. Nxe5 Bxe5 14. Nf3 Qxd1 15. Rxd1 Bf6 16. Bf4 c6 17. a4 Bg4 18. a5 Nd7 19. a6 bxa6 20. h3 Nc5 21. hxg4 Nxb3 22. Rxa6 Nc5 23. Rxc6 Ne6 24. Bg3 a5 25. Ne5 Rfd8 26. Rcd6 Rxd6 27. Rxd6 a4 28. Nc4 Ra7 29. Rb6 Be7 30. Be5 Ra8 31. Rb8+ Rxb8 32. Bxb8 f6 33. Kf1 Nc5 34. Ke2 Kf7 35. Bd6 Bxd6 36. Nxd6+ Ke6 37. Nc4 Kd5 38. Na3 Ke4 39. g3 Nb3 40. f3+ Kd5 41. Ke3 Kc5 42. Nb1 Kd5 43. Nd2 Nc1 44. Ne4 f5 45. gxf5 gxf5 46. Nd2 h5 47. Kf4 Nd3+ 48. Kxf5 Nxb2 49. Nb1 Nc4 50. Kg5 a3 51. Nxa3 Nxa3 52. Kxh5 Nb5 53. c4+ Kxc4 54. Kg5 Kd5 55. f4 1/2-1/2

[Event "Feffernitz Raika op 23rd"]
[Site "Feffernitz"]
[Date "2014.08.18"]
[Round "4"]
[White "Grinblat, Artemiy"]
[Black "Kosmac, Blaz"]
[Result "0-1"]
[WhiteElo "2081"]
[BlackElo "2187"]
[PlyCount "74"]
[EventDate "2014.08.16"]
[EventType "swiss"]
[EventRounds "9"]
[EventCountry "AUT"]
[SourceTitle "CBM 161 Extra"]
[Source "ChessBase"]
[SourceDate "2014.08.29"]
[SourceVersion "1"]
[SourceVersionDate "2014.08.29"]
[SourceQuality "1"]

1. e4 e5 2. Nf3 Nc6 3. d4 exd4 4. Nxd4 Bc5 5. Nb3 Bb4+ 6. c3 Be7 7. Bd3 Nf6 8. 0-0 0-0 9. f4 d5 10. e5 Ne8 11. Qc2 g6 12. N1d2 Ng7 13. Nf3 f6 14. exf6 Bxf6 15. Be3 Bf5 16. Rae1 Re8 17. Nbd4 Nxd4 18. Bxd4 Qd6 19. Be5 Bxe5 20. fxe5 Qb6+ 21. Kh1 Re7 22. Nd4 Bxd3 23. Qxd3 Rae8 24. Qf3 c6 25. Re2 Qc7 26. Ref2 Ne6 27. Qg3 Nc5 28. Nf5 Ne4 29. Nxe7+ Qxe7 30. Qf4 Nxf2+ 31. Qxf2 Rf8 32. Qe2 Rxf1+ 33. Qxf1 Qxe5 34. h3 Kg7 35. Qd3 Qe1+ 36. Kh2 Qe5+ 37. Kg1 Kf6 0-1

[Event "Sanxenxo Carlos op 6th"]
[Site "Sanxenxo"]
[Date "2014.06.26"]
[Round "6"]
[White "Guerra Bastida, Diego"]
[Black "Grinblat, Artemiy"]
[Result "1-0"]
[WhiteElo "2378"]
[BlackElo "2036"]
[PlyCount "53"]
[EventDate "2014.06.21"]
[EventType "swiss"]
[EventRounds "9"]
[EventCountry "ESP"]
[SourceTitle "CBM 161 Extra"]
[Source "ChessBase"]
[SourceDate "2014.08.29"]
[SourceVersion "1"]
[SourceVersionDate "2014.08.29"]
[SourceQuality "1"]

1. e4 e6 2. d4 d5 3. Nc3 Nf6 4. e5 Nfd7 5. f4 c5 6. Nf3 Nc6 7. Be3 a6 8. Qd2 b5 9. dxc5 Bxc5 10. Bd3 Qb6 11. Bxc5 Nxc5 12. Qf2 b4 13. Ne2 a5 14. 0-0 Ba6 15. Rfc1 Na4 16. Qxb6 Nxb6 17. a3 Kd7 18. Ned4 Nxd4 19. Nxd4 Bxd3 20. cxd3 Rhc8 21. Rxc8 Rxc8 22. axb4 axb4 23. Ra6 Rc1+ 24. Kf2 Nc8 25. Ra4 Rd1 26. Rxb4 Rxd3 27. Ke2 1-0

[Event "Porto Mannu op 6th"]
[Site "Porto Mannu"]
[Date "2014.06.11"]
[Round "6"]
[White "Grinblat, Artemiy"]
[Black "Tischbierek, Raj"]
[Result "0-1"]
[WhiteElo "2036"]
[BlackElo "2414"]
[PlyCount "64"]
[EventDate "2014.06.07"]
[EventType "swiss"]
[EventRounds "9"]
[EventCountry "ITA"]
[SourceTitle "CBM 160 Extra"]
[Source "ChessBase"]
[SourceDate "2014.07.01"]
[SourceVersion "1"]
[SourceVersionDate "2014.07.01"]
[SourceQuality "1"]

1. e4 d6 2. d4 Nf6 3. Nc3 g6 4. g3 Bg7 5. Bg2 0-0 6. Nge2 Nbd7 7. h3 c5 8. Be3 cxd4 9. Bxd4 a6 10. a4 Rb8 11. 0-0 b5 12. axb5 axb5 13. g4 b4 14. Nd5 e5 15. Ba7 Rb7 16. Be3 Nxd5 17. Qxd5 Qc7 18. Rfd1 Nb6 19. Qxd6 Qxd6 20. Rxd6 Nc4 21. Rc6 Nxe3 22. fxe3 Bd7 23. Rc5 Re8 24. Raa5 f6 25. Nc1 Bf8 26. Rd5 Rc8 27. Rd2 Rbc7 28. Nb3 Bh6 29. Rd3 Be6 30. Ra4 Rxc2 31. Rxb4 Rxb2 32. Rb7 Re2 0-1

[Event "RUS-chT U20"]
[Site "Kaliningrad"]
[Date "2013.08.10"]
[Round "9"]
[White "Gusarov, Aleksey"]
[Black "Grinblat, Artemiy"]
[Result "1-0"]
[WhiteElo "2041"]
[BlackElo "2054"]
[PlyCount "25"]
[EventDate "2013.08.02"]
[EventType "team-swiss"]
[EventRounds "9"]
[EventCountry "RUS"]
[SourceTitle "EXT 2018"]
[Source "ChessBase"]
[SourceDate "2017.10.13"]
[SourceVersion "1"]
[SourceVersionDate "2017.10.13"]
[SourceQuality "1"]

1. e4 e6 2. d4 d5 3. exd5 exd5 4. c4 Nf6 5. Nc3 Bd6 6. Nf3 0-0 7. Be2 dxc4 8. 0-0 h6 9. Bxc4 Bg4 10. h3 Bh5 11. Qd3 Nc6 12. g4 Bg6 13. Qxg6 1-0